| LEADER |
00683nam0a2200193 450 |
| 001 |
16825003 |
| 010 |
|
|
|a 978-2-7470-5550-5
|b br.
|d 8,9
|
| 100 |
|
|
|a 20160120d2026 u u0frey01 ba
|
| 101 |
1 |
|
|a fre
|c
|
| 102 |
|
|
|a FR
|
| 200 |
0 |
|
|a boîte magique Houdini (La)
|f Brian Selznick
|g traduit de l'anglais (Etats-Unis) par Agnès Piganiol
|
| 207 |
|
1 |
|a
|
| 210 |
|
|
|a [Paris]
|c Bayard Jeunesse
|d DL 2016
|
| 215 |
|
|
|a 1 vol. (111 p.)
|c ill.
|d 21 cm
|
| 700 |
|
0 |
|a Selznick
|b Brian
|f 1966-....
|4 70
|
| 702 |
|
0 |
|a Piganiol
|b Agnès
|f 1944-....
|4 730
|
| 900 |
|
|
|a Roman enfant
|
| 901 |
|
|
|a Accessible au prêt
|
| 995 |
|
|
|a Bibliothèque
|c Bibliothèque
|f 024017089
|h 024017089
|k E C3 SEL
|o p
|q j
|r az
|e Bibliothèque
|